Les plus grands empires de l'Histoire - Statistiques

Statistiques générales
  • Ce quiz a été pris 56 fois
  • Le résultat moyen est 4 sur 15
Statistiques - réponses
Superficie en km² Nom Empire % Correct
36 500 000 Empire mongol
98%
33 500 000 Empire britannique
73%
13 500 000 Empire français
52%
22 800 000 Empire russe
52%
13 700 000 Empire espagnol
44%
10 400 000 Empire portugais
31%
8 510 000 Empire du Japon
29%
14 700 000 Dynastie Qing
19%
11 100 000 Califat omeyyade
10%
11 000 000 Dynastie Yuan
10%
8 337 000 Empire du Brésil
8%
6 500 000 Dynastie Han
4%
6 000 000 Horde d'or
4%
9 000 000 Xiongnu
4%
7 100 000 Union ibérique
2%
Aucun quiz correspondant
Distribution des résultats
% des personnes avec chaque résultat
Percentile par nombre de réponses
Votre historique - résultats
Vous n’avez pas pris ce quiz